000 00831nam a2200253Ia 4500
003 OSt
005 20220916110854.0
006 a|||||r|||| 00| 0
007 ta
008 220915b |||||||| |||| 00| 0 hin d
024 _a207635
037 _cTextbook
040 _bhin
_aARTS
_cARTS
041 _ahin
082 _aP152, H9;J2
100 _aवर्म्मा, रामचन्द्र
245 0 _aअच्छी हिन्दी संस्क 7
246 _aAchchhī hindī sanska 7
260 _aबनारस
_bसाहित्य रत्न माला
_c1952
300 _a384पृ0
_ccm.
490 _aसाहित्य रत्नमाला; 4
942 _hP152, H9;J2
_cTB
_2CC
999 _c100010
_d100010